000 00527nam a2200193Ia 4500
005 20250326140544.0
008 250326s9999 xx 000 0 und d
020 _a0-8442-02288-6
037 _aTextbook
040 _aFMSL
_beng
_cFMSL
041 _aeng
_2eng
084 _aT3:4.7g N9
_qFMSL
100 _aEdmunds H
_9742556
245 0 _aFocus group research handbook
_cEdmunds H
260 _aUSA
_bUSA, NTS Business books
_c1999
300 _a276p
942 _cTB
_hT3:4.7g N9
999 _c1286288
_d1286288